| 000 | 00642cam a2200169 a 4500 | ||
|---|---|---|---|
| 020 | _a0309033241 | ||
| 082 | 0 | 0 |
_a380.5 s _a625.84 _bNAT _cDonated |
| 245 | 0 | 0 |
_aPavement management / _cTransportation Research Board, National Research Council. |
| 260 |
_aWashington, D.C. : _bNational Academy of Sciences, _c1982. |
||
| 300 |
_aiv, 76 p. : _bill. ; _c28 cm. |
||
| 526 |
_a0 _b0 _c0 _d380_500000000000000_S_NAT |
||
| 650 | 0 |
_aMCE _9379 |
|
| 650 | 0 |
_aPavements _xDesign and construction _xManagement. _943786 |
|
| 650 | 0 |
_aPavements _xMaintenance and repair _xManagement. _921695 |
|
| 710 | 2 |
_aNational Research Council (U.S.). _920017 |
|
| 942 |
_2ddc _cBK |
||
| 999 |
_c547708 _d547708 |
||